000 004470000a22001810004500
003 MACL
005 20150707161642.0
008 150707b xxu||||| |||| 00| 0 eng d
040 _aMACL
_cMACL
041 _aEnglish
082 _a307/SHA
100 _aSharma, Arjun
_91306
245 _aCaste, Class & Politics in Rural India
260 _bKhama Publishers
_c1993
_aNew Delhi
350 _a280
650 _aSociology
_919
942 _cBK
_k307
_2ddc
999 _c3112
_d3112